An Introduction to Palaeontology/ (Record no. 214329)

MARC details
000 -LEADER
fixed length control field 00565nam a22001937a 4500
005 - DATE AND TIME OF LATEST TRANSACTION
control field 20260120153615.0
010 ## - LCCN (DPL NO)
LC control number ENG-147574
020 ## - INTERNATIONAL STANDARD BOOK NUMBER
Terms of availability 500.00
International Standard Book Number 9878187567936
035 ## - SYSTEM CONTROL NUMBER
System control number EN-131106
037 ## - SOURCE OF ACQUISITION
Source of stock number/acquisition DBAD
Stock number DPL
082 ## - DEWEY DECIMAL CLASSIFICATION NUMBER
Classification number 560.4564095421
Edition number 1
100 ## - MAIN ENTRY--PERSONAL NAME
Personal name Dasgupta, Amal
245 ## - TITLE STATEMENT
Title An Introduction to Palaeontology/
Statement of responsibility, etc Amal Dasgupta
250 ## - EDITION STATEMENT
Edition statement 1
260 ## - PUBLICATION, DISTRIBUTION, ETC. (IMPRINT)
Name of publisher, distributor, etc The World Press Pvt Ltd,
Place of publication, distribution, etc Kolkata
Date of publication, distribution, etc 2016
270 ## - ADDRESS
Address 37A College Street
City Kolkata
Postal code 700073
300 ## - PHYSICAL DESCRIPTION
Extent vpp.
Dimensions 24cm(pb)
942 ## - ADDED ENTRY ELEMENTS (KOHA)
Source of classification or shelving scheme Dewey Decimal Classification
Item type English Books
Classification part 560.4564095421
Call number suffix DAS
Holdings
Withdrawn status Lost status Not for loan Collection code Home library Current library Date acquired Source of acquisition Cost, normal purchase price Full call number Barcode Copy number Cost, replacement price Koha item type
      Non-fiction Janak Puri Janak Puri 20/01/2026 Delivery of Books Act Division 500.00 560.4564095421 DAS EN-131106 1 500.00 English Books

© Delhi Public Library
Hit Counter
free hit counter